| 000 | 00876nam a2200277 a 4500 | ||
|---|---|---|---|
| 003 | AR-BaBNM | ||
| 005 | 20251128210651.0 | ||
| 008 | 082120s2002 ||||||||||||||000 | spa|| | ||
| 020 | _a0-226-26786-5 | ||
| 040 | _cAR-BaBNM | ||
| 245 | 0 | 0 |
_aIndividual and social responsibility _bchild care, education, medical care and long-term care in America |
| 260 |
_aChicago _bThe University of Chicago Press _c1996 |
||
| 300 |
_aix, 353 p. _bgráfs. |
||
| 500 | _aContiene referencias bibliográficas, índice de autores e índice temático | ||
| 650 | 4 | _aPOLITICA SOCIAL | |
| 650 | 4 | _aSEGURIDAD SOCIAL | |
| 650 | 4 | _aRESPONSABILIDAD DEL ESTADO | |
| 650 | 4 | _aESTADO Y EDUCACION | |
| 650 | 4 | _aATENCION MEDICA | |
| 650 | 4 | _aSECTOR PRIVADO | |
| 650 | 4 | _aSECTOR PUBLICO | |
| 651 | 4 | _aEstados Unidos | |
| 700 | 1 |
_aFuchs, Victor R. _eeditor |
|
| 942 | _cBK | ||
| 998 | _cRAQUEL | ||
| 999 |
_c16362 _d16362 |
||